000 02833cam a2200445 i 4500
003 SA-RiAUC
005 20250318124046.0
008 250316s2012 su h g b f001r0 ara c
020 _a9786038002674
024 0 _a00000000358333
040 _aSA-RiSU
_bara
_cSA-RiAUC
_dKAC
_erda
043 _aa-su---
082 0 4 _a929.709531
_qSA-RiAUC
090 _a929.709531
_bح ر ب
100 1 _aالحربي، فايز بن موسى،
_d1376 هجري-
_eمؤلف.
245 1 0 _aنسب آل سعود /
_cفائز بن موسى البدراني، راشد بن محمد بن عساكر.
250 _aالطبعة الأولى.
264 1 _aالرياض :
_bدارة الملك عبد العزيز،
_c[2012]
300 _a195 صفحة :
_bمثليلات ؛
_c24 × 17 سم.
336 _aنص
_btxt
_2rdacontent
_3كتاب
337 _aبدون وسيط
_bn
_2rdamedia
338 _aمجلد
_bnc
_2rdacarrier
490 0 _aإصدارات دارة الملك عبد العزيز ؛
_v269
490 0 _aمركز توثيق تاريخ الأسرة المالكة ؛
_v2
500 _aملاحق : صفحة 127-134.
500 _aكشافات : صفحة 165-174.
504 _aببليوجرافية : صفحة 137-161.
520 _aصدر عن دارة الملك عبدالعزيز بالرياض كتاب «نسب آل سعود»، للمؤلفين فائز بن موسى البدراني، وراشد بن محمد بن عساكر. ويفصّل الكتاب الحديث حول نسب آل سعود، ويشير إلى اختلاف المصادر التاريخية في ذكر نسب هذه الأسرة الكريمة، فمنها مصادر نسبها إلى بني حنيفة من بني بكر بن وائل، أو إلى وائل مباشرة، أو إلى المصاليخ من عنزة مباشرة، أو إلى غير ربيعة. ويشير الكتاب إلى القول الراجح في ذلك، وهو نسبة هذه الأسرة إلى بني حنيفة من بكر بن وائل، مؤيدًا هذا القول بعدد كبير من الأدلة القاطعة على ذلك.
600 3 7 _aآل سعود
_xتاريخ
_2aucnm
650 7 _aالأنساب العربية
_zالسعودية
_2aucsh
651 7 _aالسعودية
_xملوك وحكام
_2aucsh
700 1 _aعساكر، راشد بن محمد
_eمؤلف.
856 4 _uhttp://10.0.0.80:1110/20-08-2013/Pub2/294%20(5).pdf
856 4 2 _3Book Cover
_qJPEG
_uhttps://library.ithra.com/bc/00000000358333.jpeg
_z>CLICK_TO_VIEW_BOOK_COVER>
856 4 2 _3Table of contents
_qPDF
_uhttps://library.ithra.com/pdf/.pdf
_z>CLICK_TO_ACCESS_TOC>
856 4 _uhttp://10.0.0.80:1110/20-08-2013/Pub2/294%20(5).pdf
856 4 _uhttp://10.0.0.80:1110/20-08-2013/Pub2/294%20(5).pdf
942 _2ddc
_cBOOK
_n0
949 _aSA-JeALM
_d250316
_umohamedma123
_n1
999 _c6498
_d6498